Polskie lotniska pasażerskie i ich patroni - Statystyki

Ogólne statystyki
  • Ten quiz został rozwiązany 155 razy
  • Średni wynik to 11 z 12
Statystyki odpowiedzi
Lotnisko: Główne miasto dla portu: % Poprawnych
Fryderyka Chopina Warszawa
100%
Jana Pawła II Kraków
99%
Lecha Wałęsy Gdańsk
98%
Pyrzowice Katowice
97%
NSZZ "Solidarność" Szczecin
93%
Mikołaja Kopernika Wrocław
93%
Jasionka Rzeszów
91%
Henryka Wieniawskiego Poznań
88%
Ignacego Jana Paderewskiego Bydgoszcz
85%
Władysława Reymonta Łódź
85%
Szymany Olsztyn
78%
Babimost Zielona Góra
75%
Nie znaleziono quizów pasujących do podanych kryteriów
Rozkład punktacji
Procent ludzi z każdym wynikiem
Percentyl według liczby udzielonych odpowiedzi
Twoja historia wyników
Nie rozwiązałeś tego quizu